000
00255nam a22001097a 4500
008
170123b xxu||||| |||| 00| 0 eng d
020
_a
1133789021
041
_a
eng
080
_2
3RD
_a
618.2
245
_a
MEDICAL-SURGICAL NURSING
_c
WHITE, L
942
_2
udc
_c
BK
999
_c
3357
_d
3357